<?xml version="1.0" encoding="UTF-8"?>
<record
    xmlns:xsi="http://www.w3.org/2001/XMLSchema-instance"
    xsi:schemaLocation="http://www.loc.gov/MARC21/slim http://www.loc.gov/standards/marcxml/schema/MARC21slim.xsd"
    xmlns="http://www.loc.gov/MARC21/slim">

  <leader>01205nam a22003014i 4500</leader>
  <datafield tag="999" ind1=" " ind2=" ">
    <subfield code="c">7922</subfield>
    <subfield code="d">7922</subfield>
  </datafield>
  <controlfield tag="001">991060888549406706</controlfield>
  <controlfield tag="003">OSt</controlfield>
  <controlfield tag="005">20240717105039.0</controlfield>
  <controlfield tag="007">cr#|||||||||||</controlfield>
  <controlfield tag="008">220708s202206  spc||||fom||||0|| 0 cat|c</controlfield>
  <datafield tag="020" ind1=" " ind2=" ">
    <subfield code="a">9788413650159</subfield>
  </datafield>
  <datafield tag="040" ind1=" " ind2=" ">
    <subfield code="a">ES-TaURV</subfield>
    <subfield code="b">cat</subfield>
    <subfield code="e">rda</subfield>
    <subfield code="c">CDMR</subfield>
  </datafield>
  <datafield tag="100" ind1="1" ind2=" ">
    <subfield code="a">Rosell&#xF3;  Alfonso, Meritxell,</subfield>
  </datafield>
  <datafield tag="245" ind1="1" ind2="0">
    <subfield code="a">Acci&#xF3; comunicativa i fet religi&#xF3;s a la premsa escrita [recurs electr&#xF2;nic] /</subfield>
    <subfield code="c">Meritxell Rosell&#xF3; Alfonso ; tesi doctoral dirigida pel doctor Robert Roda i Aixendri, Departament de Filologies Rom&#xE0;niques</subfield>
  </datafield>
  <datafield tag="264" ind1=" " ind2="1">
    <subfield code="a">Tarragona :</subfield>
    <subfield code="b">Publicacions URV, </subfield>
    <subfield code="c">2022</subfield>
  </datafield>
  <datafield tag="300" ind1=" " ind2=" ">
    <subfield code="a">1 recurs en l&#xED;nea (475 p&#xE0;gines)</subfield>
  </datafield>
  <datafield tag="490" ind1="1" ind2=" ">
    <subfield code="a">Cum laude ;</subfield>
    <subfield code="v">16</subfield>
  </datafield>
  <datafield tag="502" ind1=" " ind2=" ">
    <subfield code="g">Tesi doctoral </subfield>
    <subfield code="c">Universitat Rovira i Virgili</subfield>
    <subfield code="d">2019</subfield>
  </datafield>
  <datafield tag="506" ind1="0" ind2=" ">
    <subfield code="f">Unrestricted online access</subfield>
    <subfield code="2">star</subfield>
  </datafield>
  <datafield tag="588" ind1=" " ind2=" ">
    <subfield code="a">Descripci&#xF3; del recurs : 30 de novembre de 2022</subfield>
  </datafield>
  <datafield tag="650" ind1=" " ind2="0">
    <subfield code="a">Religi&#xF3; i premsa</subfield>
    <subfield code="z">Espanya</subfield>
    <subfield code="x">Tesis.</subfield>
    <subfield code="2">lemac</subfield>
    <subfield code="9">3101</subfield>
  </datafield>
  <datafield tag="650" ind1=" " ind2="7">
    <subfield code="a">Esgl&#xE9;sia i premsa</subfield>
    <subfield code="z">Espanya</subfield>
    <subfield code="x">Tesis.</subfield>
    <subfield code="2">lemac</subfield>
  </datafield>
  <datafield tag="830" ind1=" " ind2="0">
    <subfield code="a">Cum laude (Universitat Rovira i Virgili) ;</subfield>
    <subfield code="v">16</subfield>
  </datafield>
  <datafield tag="856" ind1="4" ind2="0">
    <subfield code="z">Acc&#xE9;s lliure</subfield>
    <subfield code="u">http://llibres.urv.cat/index.php/purv/catalog/book/494</subfield>
  </datafield>
  <datafield tag="908" ind1=" " ind2=" ">
    <subfield code="a">URV</subfield>
  </datafield>
  <datafield tag="940" ind1=" " ind2=" ">
    <subfield code="a">URV</subfield>
  </datafield>
  <datafield tag="942" ind1=" " ind2=" ">
    <subfield code="2">udc</subfield>
    <subfield code="c">LLIBRE-E</subfield>
  </datafield>
  <datafield tag="952" ind1=" " ind2=" ">
    <subfield code="0">0</subfield>
    <subfield code="1">0</subfield>
    <subfield code="4">0</subfield>
    <subfield code="7">0</subfield>
    <subfield code="a">CDMR</subfield>
    <subfield code="b">CDMR</subfield>
    <subfield code="d">2024-07-17</subfield>
    <subfield code="e">Donaci&#xF3;</subfield>
    <subfield code="l">0</subfield>
    <subfield code="o">Disponible en l&#xED;nia</subfield>
    <subfield code="r">2024-07-17</subfield>
    <subfield code="w">2024-07-17</subfield>
    <subfield code="y">LLIBRE-E</subfield>
  </datafield>
</record>
